[Event "Heart of Finland op 31st"]
[Site "Jyvaskyla"]
[Date "2023.07.19"]
[Round "4"]
[White "Lu, Miaoyi"]
[Black "Torkkola, Henri"]
[Result "1-0"]
[WhiteElo "2171"]
[BlackElo "2170"]
[PlyCount "73"]
[EventDate "2023.07.17"]
[EventType "swiss"]
[EventRounds "9"]
[EventCountry "FIN"]
[SourceTitle "CBM 215 Extra"]
[Source "ChessBase"]
[SourceDate "2023.09.30"]
[SourceVersion "1"]
[SourceVersionDate "2023.09.30"]
[SourceQuality "1"]

1. e4 e6 2. d4 d5 3. Nc3 Bb4 4. e5 c5 5. a3 Bxc3+ 6. bxc3 Qa5 7. Bd2 Qa4 8. Qg4 Kf8 9. Qd1 Nc6 10. Nf3 b6 11. dxc5 bxc5 12. Rb1 Ba6 13. Be3 Bxf1 14. Bxc5+ Nge7 15. Rxf1 g6 16. Rb7 Kg7 17. Bxe7 Nxe7 18. Rxe7 Qxa3 19. Rc7 Qa5 20. Rc6 Rhc8 21. Rxc8 Rxc8 22. Rh1 Rxc3 23. Kf1 Ra3 24. Qe2 Ra1+ 25. Ne1 Qc3 26. h4 a5 27. Rh3 Qb4 28. h5 a4 29. hxg6 hxg6 30. Qe3 Kg8 31. Qc3 Qc4+ 32. Qxc4 dxc4 33. Rc3 Kg7 34. Rxc4 Kh6 35. Ke2 Kg5 36. Nf3+ Kf5 37. g4# 1-0

[Event "Krakow op-A"]
[Site "Krakow"]
[Date "2022.06.27"]
[Round "4"]
[White "Sieber, Fiona"]
[Black "Torkkola, Henri"]
[Result "1-0"]
[WhiteElo "2265"]
[BlackElo "2209"]
[PlyCount "93"]
[EventDate "2022.06.25"]
[EventType "swiss"]
[EventRounds "9"]
[EventCountry "POL"]
[SourceTitle "CBM 209 Extra"]
[Source "ChessBase"]
[SourceDate "2022.09.30"]
[SourceVersion "1"]
[SourceVersionDate "2022.09.30"]
[SourceQuality "1"]

1. e4 c6 2. d4 d5 3. e5 Bf5 4. h4 h5 5. Bg5 Qb6 6. Bd3 Qxd4 7. Nf3 Qg4 8. Bxf5 Qxf5 9. 0-0 f6 10. c4 fxg5 11. cxd5 cxd5 12. Nc3 Nc6 13. Qb3 0-0-0 14. Rac1 Qd7 15. e6 Qxe6 16. Nxg5 Qd7 17. Nf7 e6 18. Nxh8 Bd6 19. Nb5 Bb8 20. Ng6 Nge7 21. Nxe7+ Qxe7 22. Qh3 a6 23. Nd4 Kd7 24. Rxc6 bxc6 25. Re1 Re8 26. Rxe6 Qxe6 27. Nxe6 Rxe6 28. Kf1 d4 29. b4 Bc7 30. Qf5 g6 31. Qf7+ Kd6 32. Qf4+ Re5 33. Qxd4+ Ke6 34. Qc4+ Kd6 35. Qxa6 Bd8 36. Qd3+ Rd5 37. Qxg6+ Kc7 38. g3 Kb6 39. a4 Be7 40. b5 Bd6 41. Qe8 cxb5 42. a5+ Kc5 43. a6 Rd1+ 44. Ke2 Ra1 45. a7 Ra2+ 46. Kf3 Ra3+ 47. Qe3+ 1-0

[Event "Krakow op-A"]
[Site "Krakow"]
[Date "2022.06.26"]
[Round "2"]
[White "Danielyan, Vahe"]
[Black "Torkkola, Henri"]
[Result "1-0"]
[WhiteElo "2324"]
[BlackElo "2209"]
[PlyCount "91"]
[EventDate "2022.06.25"]
[EventType "swiss"]
[EventRounds "9"]
[EventCountry "POL"]
[SourceTitle "CBM 209 Extra"]
[Source "ChessBase"]
[SourceDate "2022.09.30"]
[SourceVersion "1"]
[SourceVersionDate "2022.09.30"]
[SourceQuality "1"]

1. e4 c6 2. d4 d5 3. exd5 cxd5 4. Bd3 Nc6 5. c3 Qc7 6. Ne2 Bg4 7. 0-0 Nf6 8. f3 Bd7 9. Qe1 e6 10. Bg5 Bd6 11. Bxf6 gxf6 12. f4 Ne7 13. Nd2 0-0-0 14. Rc1 Kb8 15. b4 Ng6 16. Qf2 e5 17. c4 e4 18. c5 exd3 19. cxd6 Qxd6 20. Nc3 Rhe8 21. Nb3 Bf5 22. Nc5 Re7 23. Rcd1 Rde8 24. Rd2 h5 25. a4 Re3 26. a5 h4 27. b5 b6 28. axb6 axb6 29. Nb3 R3e7 30. Ra2 Be4 31. f5 Qb4 32. Nxe4 Rxe4 33. fxg6 Qxb3 34. gxf7 Rf8 35. Rfa1 Rxf7 36. Ra8+ Kc7 37. R8a7+ Kb8 38. Rxf7 Qc3 39. Rfa7 f5 40. Ra8+ Kc7 41. R1a7+ Kd6 42. Rd8+ Ke6 43. Re8+ Kd6 44. Rxe4 dxe4 45. Qf4+ Ke6 46. Qe5# 1-0

[Event "Krakow op-A"]
[Site "Krakow"]
[Date "2022.06.26"]
[Round "3"]
[White "Torkkola, Henri"]
[Black "Lim, Zhuo Ren"]
[Result "1/2-1/2"]
[WhiteElo "2209"]
[BlackElo "2290"]
[PlyCount "66"]
[EventDate "2022.06.25"]
[EventType "swiss"]
[EventRounds "9"]
[EventCountry "POL"]
[SourceTitle "CBM 209 Extra"]
[Source "ChessBase"]
[SourceDate "2022.09.30"]
[SourceVersion "1"]
[SourceVersionDate "2022.09.30"]
[SourceQuality "1"]

1. d4 Nf6 2. Bf4 e6 3. e3 c5 4. Nf3 cxd4 5. exd4 b6 6. c3 Be7 7. Nbd2 0-0 8. a4 Ba6 9. Bxa6 Nxa6 10. Qe2 Nc7 11. h3 d6 12. 0-0 a6 13. Rfe1 h6 14. Ne4 Nxe4 15. Qxe4 Nd5 16. Bd2 b5 17. axb5 axb5 18. b3 Qc7 19. Qd3 Qb7 20. c4 Nf6 21. Bc3 Rxa1 22. Rxa1 Rc8 23. Nd2 Nh5 24. g3 Nf6 25. Ra5 bxc4 26. bxc4 Qc7 27. Rb5 Qd7 28. Qb1 Bf8 29. Kh2 h5 30. Rb7 Rc7 31. Rb8 Rc8 32. Rb7 Rc7 33. Rb8 Rc8 1/2-1/2

[Event "FIN-chT 2022"]
[Site "Finland"]
[Date "2022.05.20"]
[Round "10.7"]
[White "Torkkola, Henri"]
[Black "Kumpulainen, Kalle"]
[Result "1-0"]
[WhiteElo "2197"]
[BlackElo "2005"]
[PlyCount "87"]
[EventDate "2020.09.12"]
[EventType "team-tourn"]
[EventRounds "11"]
[EventCountry "FIN"]
[SourceTitle "EXT 2023"]
[Source "ChessBase"]
[SourceDate "2022.10.05"]
[SourceVersion "1"]
[SourceVersionDate "2022.10.05"]
[SourceQuality "1"]
[WhiteTeam "Sastamala VammSK"]
[BlackTeam "Gambiitti"]
[WhiteTeamCountry "FIN"]
[BlackTeamCountry "FIN"]

1. d4 Nf6 2. Bf4 e6 3. e3 d5 4. Nf3 Be7 5. Ne5 Nbd7 6. Nd2 0-0 7. Bd3 Nxe5 8. dxe5 Nd7 9. c3 f5 10. h4 Nc5 11. Bc2 a5 12. Qf3 Bd7 13. Rd1 Qe8 14. g4 Ne4 15. gxf5 exf5 16. Nxe4 fxe4 17. Qg3 Be6 18. Kd2 b5 19. Rdg1 Rf7 20. Bd1 Bf8 21. Bh5 g6 22. Be2 b4 23. h5 bxc3+ 24. bxc3 Bf5 25. hxg6 hxg6 26. Qh4 Bg7 27. Qh7+ Kf8 28. Bh6 Bxh6 29. Qxh6+ Rg7 30. Rh5 Qe6 31. Rgg5 Kf7 32. Rxf5+ gxf5 33. Qf4 Rb8 34. Rxf5+ Kg8 35. Rf6 Qe8 36. Bg4 Rb2+ 37. Kc1 Rb6 38. Qf5 Qb8 39. Rxb6 Qxb6 40. Qc8+ Kf7 41. Qd7+ Kg8 42. Qd8+ Kf7 43. e6+ Kg6 44. e7 1-0

[Event "Helsinki Etela Vantaan CC"]
[Site "Helsinki"]
[Date "2022.05.15"]
[Round "5.1"]
[White "Torkkola, Henri"]
[Black "Palchuk, Andrii"]
[Result "1/2-1/2"]
[WhiteElo "2197"]
[BlackElo "2253"]
[PlyCount "36"]
[EventDate "2022.05.13"]
[EventType "tourn"]
[EventRounds "5"]
[EventCountry "FIN"]
[EventCategory "2"]
[SourceTitle "CBM 208 Extra"]
[Source "ChessBase"]
[SourceDate "2022.07.31"]
[SourceVersion "1"]
[SourceVersionDate "2022.07.31"]
[SourceQuality "1"]

1. d4 d5 2. Bf4 Nf6 3. e3 c5 4. Nf3 Nc6 5. Nbd2 Qb6 6. dxc5 Qxb2 7. Rb1 Qc3 8. Bb5 e6 9. 0-0 Bd7 10. Ba4 b6 11. Bxc6 Bxc6 12. cxb6 axb6 13. Rxb6 Nd7 14. Be5 Qc5 15. Bd4 Qd6 16. Be5 Qc5 17. Bd4 Qd6 18. Be5 Qc5 1/2-1/2

[Event "FIN-chT 2022"]
[Site "Finland"]
[Date "2021.12.11"]
[Round "6.5"]
[White "Kivisto, Mikko"]
[Black "Torkkola, Henri"]
[Result "1/2-1/2"]
[WhiteElo "2225"]
[BlackElo "2197"]
[PlyCount "141"]
[EventDate "2020.09.12"]
[EventType "team-tourn"]
[EventRounds "11"]
[EventCountry "FIN"]
[SourceTitle "EXT 2023"]
[Source "ChessBase"]
[SourceDate "2022.10.05"]
[SourceVersion "1"]
[SourceVersionDate "2022.10.05"]
[SourceQuality "1"]
[WhiteTeam "Espoo MatSK"]
[BlackTeam "Sastamala VammSK"]
[WhiteTeamCountry "FIN"]
[BlackTeamCountry "FIN"]

1. e4 c6 2. d4 d5 3. exd5 cxd5 4. Bd3 Nc6 5. c3 Qc7 6. Ne2 Bg4 7. f3 Bd7 8. Bf4 e5 9. Bg3 Bd6 10. Na3 a6 11. Nc2 Nge7 12. 0-0 0-0 13. dxe5 Nxe5 14. Bxe5 Bxe5 15. f4 Bf6 16. Ncd4 Rfe8 17. Qc2 h6 18. h3 Nc6 19. Rad1 Re3 20. Qd2 Rae8 21. Nc2 R3e7 22. Kh1 Na5 23. Ned4 Bh4 24. Rf3 Nc4 25. Bxc4 dxc4 26. Ne3 Qc5 27. b4 cxb3 28. axb3 Bf6 29. b4 Qc8 30. Nd5 Re4 31. Nxf6+ gxf6 32. f5 Kh7 33. Qa2 R8e7 34. Qf2 b5 35. Qg3 Qe8 36. Kh2 Bc8 37. Qd6 Bb7 38. Rg3 Re3 39. Rd3 Rxd3 40. Rxd3 Re3 41. Rxe3 Qxe3 42. Qg3 Qe5 43. h4 Be4 44. Nb3 Bxf5 45. Nc5 Bc8 46. Nb3 Bb7 47. Nc5 Qd5 48. Qd3+ Qxd3 49. Nxd3 Kg6 50. Nc5 Bc8 51. Kg3 Kf5 52. Kf3 Ke5 53. Ke3 f5 54. Nd3+ Kd5 55. Nf4+ Kc4 56. Kd2 Bb7 57. g3 Be4 58. Ne2 Kd5 59. Nf4+ Ke5 60. Ke3 Bd5 61. Nd3+ Kf6 62. Kd4 Bb7 63. Nc5 Bc8 64. Nd3 Ke6 65. Nf4+ Kf6 66. Kd5 Be6+ 67. Kd6 Bc4 68. Nh5+ Kg6 69. Nf4+ Kf6 70. Nh5+ Kg6 71. Nf4+ 1/2-1/2

[Event "FIN-chT 2022"]
[Site "Finland"]
[Date "2021.10.16"]
[Round "3.7"]
[White "Torkkola, Henri"]
[Black "Martinec, Tamas"]
[Result "1/2-1/2"]
[WhiteElo "2197"]
[BlackElo "1838"]
[PlyCount "125"]
[EventDate "2020.09.12"]
[EventType "team-tourn"]
[EventRounds "11"]
[EventCountry "FIN"]
[SourceTitle "EXT 2023"]
[Source "ChessBase"]
[SourceDate "2022.10.05"]
[SourceVersion "1"]
[SourceVersionDate "2022.10.05"]
[SourceQuality "1"]
[WhiteTeam "Sastamala VammSK"]
[BlackTeam "Tampere Tammer"]
[WhiteTeamCountry "FIN"]
[BlackTeamCountry "FIN"]

1. d4 Nf6 2. Bf4 c6 3. Nf3 Qb6 4. Qc1 Nh5 5. Bd2 g6 6. e4 d6 7. h3 Bg7 8. e5 f5 9. exf6 Nxf6 10. Be2 0-0 11. 0-0 c5 12. dxc5 Qxc5 13. Be3 Qc7 14. Nc3 Nc6 15. Re1 a6 16. Qd2 b5 17. Rad1 Kh8 18. Bh6 Bf5 19. Bxg7+ Kxg7 20. Nd4 Nxd4 21. Qxd4 Qa7 22. Bf3 Qxd4 23. Rxe7+ Rf7 24. Rxf7+ Kxf7 25. Rxd4 Rd8 26. Ne4 Nxe4 27. Bxe4 Bxe4 28. Rxe4 Rc8 29. c3 a5 30. Kf1 Kf6 31. Ke2 b4 32. Re3 d5 33. Kd2 g5 34. Rf3+ Ke6 35. Rg3 Kf5 36. Re3 Rc4 37. Kd3 bxc3 38. bxc3 Ra4 39. Re2 h5 40. Rb2 Ke5 41. Rd2 Ke6 42. Rb2 Ke5 43. g3 Ke6 44. Rb6+ Kf5 45. Rd6 Ke5 46. Rh6 Kf5 47. f4 gxf4 48. gxf4 Rxf4 49. Rxh5+ Ke6 50. Kc2 a4 51. Kb2 Rf2+ 52. Ka3 Rc2 53. Kxa4 Rxa2+ 54. Kb4 Ra8 55. Kb3 Rd8 56. Kc2 Rg8 57. Rh4 Rg3 58. Rh8 Ke5 59. h4 Rg2+ 60. Kd3 Rg3+ 61. Kc2 Rg2+ 62. Kd3 Rg3+ 63. Kc2 1/2-1/2

[Event "Titled Tuesday intern op 17th Aug"]
[Site "Chess.com INT"]
[Date "2021.08.17"]
[Round "9"]
[White "Aung, Thant Zin"]
[Black "Torkkola, Henri"]
[Result "0-1"]
[WhiteElo "2268"]
[BlackElo "2180"]
[PlyCount "88"]
[EventDate "2021.08.17"]
[EventType "swiss (blitz)"]
[EventRounds "11"]
[EventCountry "USA"]
[SourceTitle "EXT 2022"]
[Source "ChessBase"]
[SourceDate "2021.10.06"]
[SourceVersion "1"]
[SourceVersionDate "2021.10.06"]
[SourceQuality "1"]

1. e4 e5 2. Nf3 Nc6 3. d4 exd4 4. Nxd4 Nf6 5. Nc3 Bb4 6. Nxc6 bxc6 7. Bd3 d5 8. exd5 cxd5 9. 0-0 0-0 10. Bg5 c6 11. h3 h6 12. Bd2 Rb8 13. Qf3 Bd6 14. b3 Re8 15. Rfe1 Bd7 16. Rad1 Re6 17. Ne2 Qe7 18. Nd4 Rxe1+ 19. Rxe1 Qd8 20. Nf5 Bf8 21. Bc3 Bxf5 22. Qxf5 d4 23. Bd2 Qd7 24. Qf3 Nd5 25. Bxh6 gxh6 26. Qg3+ Kh8 27. Qxb8 Kg7 28. Qg3+ Kh8 29. Qe5+ Kg8 30. Qxd4 Bd6 31. Re4 f5 32. Re2 Nf4 33. Re1 Nxh3+ 34. gxh3 Bh2+ 35. Kxh2 Qxd4 36. Rg1+ Kf7 37. Rg2 Kf6 38. h4 Qf4+ 39. Kg1 Qxh4 40. Kf1 Qf4 41. Rg3 Qe5 42. Kg2 Qa1 43. Rf3 Qxa2 44. Rxf5+ Ke6 0-1

[Event "Titled Tuesday intern op 17th Aug"]
[Site "Chess.com INT"]
[Date "2021.08.17"]
[Round "11"]
[White "Torkkola, Henri"]
[Black "Stachanczyk, Jacek"]
[Result "0-1"]
[WhiteElo "2180"]
[BlackElo "2137"]
[PlyCount "56"]
[EventDate "2021.08.17"]
[EventType "swiss (blitz)"]
[EventRounds "11"]
[EventCountry "USA"]
[SourceTitle "EXT 2022"]
[Source "ChessBase"]
[SourceDate "2021.10.06"]
[SourceVersion "1"]
[SourceVersionDate "2021.10.06"]
[SourceQuality "1"]

1. d4 d5 2. c4 c6 3. Nf3 Nf6 4. e3 Bf5 5. Nc3 a6 6. Qb3 b5 7. c5 a5 8. a4 b4 9. Ne2 Nbd7 10. Ng3 Bg6 11. Nh4 e5 12. Nxg6 hxg6 13. Be2 e4 14. f3 exf3 15. Bxf3 Qc7 16. Kf2 Be7 17. Bd2 g5 18. Rae1 g4 19. Bd1 Kf8 20. Bc2 Rb8 21. Re2 Bxc5 22. Qd3 Bd6 23. Nf5 g6 24. Nxd6 Qxd6 25. g3 Ne4+ 26. Kg2 f5 27. Rf1 Kg7 28. Bc1 Rxh2+ 0-1

[Event "Titled Tuesday intern op 03rd Aug"]
[Site "Chess.com INT"]
[Date "2021.08.03"]
[Round "1"]
[White "Nitin, Senthilvel"]
[Black "Torkkola, Henri"]
[Result "1-0"]
[WhiteElo "2381"]
[BlackElo "2180"]
[PlyCount "89"]
[EventDate "2021.08.03"]
[EventType "swiss (blitz)"]
[EventRounds "11"]
[EventCountry "USA"]
[SourceTitle "CBM 203 Extra"]
[Source "ChessBase"]
[SourceDate "2021.09.30"]
[SourceVersion "1"]
[SourceVersionDate "2021.09.30"]
[SourceQuality "1"]

1. e3 d5 2. c4 c6 3. b3 Nf6 4. Bb2 a5 5. a3 Bg4 6. Nf3 e6 7. Be2 Nbd7 8. 0-0 Bd6 9. d3 0-0 10. Nbd2 Re8 11. h3 Bh5 12. e4 dxe4 13. dxe4 e5 14. Qc2 Qe7 15. Rfd1 Rad8 16. Nf1 Bc5 17. Ng3 Bg6 18. Nh4 Nxe4 19. Nxg6 Bxf2+ 20. Kf1 Nxg3+ 21. Kxf2 Qg5 22. Bc1 Qxg6 23. Qxg6 hxg6 24. Kxg3 f5 25. Bg5 Nf6 26. Bxf6 gxf6 27. Kf2 Kf7 28. g3 Ke6 29. Ke3 c5 30. Rxd8 Rxd8 31. Rd1 Rd4 32. Bf3 b6 33. Bd5+ Ke7 34. Rxd4 cxd4+ 35. Kd3 g5 36. b4 axb4 37. axb4 Kd7 38. h4 Ke7 39. h5 Kf8 40. c5 bxc5 41. bxc5 g4 42. h6 f4 43. gxf4 exf4 44. c6 f3 45. c7 1-0

[Event "Titled Tuesday intern op 03rd Aug"]
[Site "Chess.com INT"]
[Date "2021.08.03"]
[Round "10"]
[White "Reprintsev, Alexander"]
[Black "Torkkola, Henri"]
[Result "1-0"]
[WhiteElo "2353"]
[BlackElo "2180"]
[PlyCount "73"]
[EventDate "2021.08.03"]
[EventType "swiss (blitz)"]
[EventRounds "11"]
[EventCountry "USA"]
[SourceTitle "CBM 203 Extra"]
[Source "ChessBase"]
[SourceDate "2021.09.30"]
[SourceVersion "1"]
[SourceVersionDate "2021.09.30"]
[SourceQuality "1"]

1. e4 d5 2. exd5 Qxd5 3. Nc3 Qa5 4. b4 Qxb4 5. Rb1 Qd6 6. d4 c6 7. Be2 Nf6 8. Nf3 g6 9. 0-0 Bg7 10. Be3 0-0 11. Re1 Nbd7 12. Bc4 Nb6 13. Ne5 Nxc4 14. Nxc4 Qd8 15. Qe2 b5 16. Ne5 Nd5 17. Nxd5 Qxd5 18. c4 bxc4 19. Qxc4 Bf5 20. Qxd5 cxd5 21. Rb7 e6 22. Nd7 Rfc8 23. f3 h5 24. h3 Rc2 25. g4 hxg4 26. hxg4 Bd3 27. Bf2 Rxa2 28. Nc5 Bc4 29. Reb1 a5 30. Rc7 a4 31. Rbb7 Rf8 32. Nxe6 Re8 33. Nxg7 Kxg7 34. Rxf7+ Kh6 35. f4 Rxf2 36. Kxf2 a3 37. Rh7# 1-0

[Event "Titled Tuesday intern op 03rd Aug"]
[Site "Chess.com INT"]
[Date "2021.08.03"]
[Round "5"]
[White "Torkkola, Henri"]
[Black "Ballester Llagaria, Luis Eduardo"]
[Result "0-1"]
[WhiteElo "2180"]
[BlackElo "2298"]
[PlyCount "60"]
[EventDate "2021.08.03"]
[EventType "swiss (blitz)"]
[EventRounds "11"]
[EventCountry "USA"]
[SourceTitle "CBM 203 Extra"]
[Source "ChessBase"]
[SourceDate "2021.09.30"]
[SourceVersion "1"]
[SourceVersionDate "2021.09.30"]
[SourceQuality "1"]

1. d4 d5 2. Bf4 Nf6 3. e3 c5 4. Nf3 Nc6 5. Nbd2 e6 6. c3 Bd6 7. Bg3 0-0 8. Bd3 b6 9. e4 Be7 10. e5 Nh5 11. Ng5 g6 12. Nxh7 Kxh7 13. Qxh5+ Kg7 14. Qg4 cxd4 15. cxd4 Nb4 16. Qe2 a5 17. Nf3 Nxd3+ 18. Qxd3 Ba6 19. Qe3 Rc8 20. Bf4 Rc2 21. Bh6+ Kg8 22. Bxf8 Qxf8 23. a3 Qc8 24. h4 Qc4 25. Ng1 Rxb2 26. Rc1 Qb5 27. Rc8+ Bxc8 28. Ne2 Rb1+ 29. Kd2 Qb2+ 30. Kd3 Ba6# 0-1

[Event "Titled Tuesday intern op 03rd Aug"]
[Site "Chess.com INT"]
[Date "2021.08.03"]
[Round "2"]
[White "Torkkola, Henri"]
[Black "Tarigan, Gilbert Elroy"]
[Result "1-0"]
[WhiteElo "2180"]
[BlackElo "2149"]
[PlyCount "111"]
[EventDate "2021.08.03"]
[EventType "swiss (blitz)"]
[EventRounds "11"]
[EventCountry "USA"]
[SourceTitle "CBM 203 Extra"]
[Source "ChessBase"]
[SourceDate "2021.09.30"]
[SourceVersion "1"]
[SourceVersionDate "2021.09.30"]
[SourceQuality "1"]

1. d4 Nc6 2. Bf4 d6 3. Nf3 Nf6 4. e3 Nh5 5. Bg5 h6 6. Bh4 g5 7. Nfd2 Nf6 8. Bg3 Bg7 9. Nc3 e5 10. Bb5 exd4 11. exd4 0-0 12. Bxc6 bxc6 13. 0-0 Rb8 14. Rb1 Bf5 15. Nc4 Qd7 16. Re1 Rfe8 17. Qd2 Ne4 18. Nxe4 Bxe4 19. f3 Bd5 20. Ne3 f5 21. Nxd5 cxd5 22. c3 Kf7 23. f4 g4 24. Bh4 Re4 25. Rxe4 fxe4 26. f5 Re8 27. f6 Bf8 28. Qf4 e3 29. Re1 Qe6 30. Re2 Qe4 31. Qxe4 Rxe4 32. Kf1 h5 33. Bg5 Kg6 34. Bxe3 Kxf6 35. h4 Ke6 36. Bg5 Rxe2 37. Kxe2 Bg7 38. Ke3 c5 39. Kd3 a6 40. b3 Kd7 41. a4 Kc6 42. Bf4 Bf6 43. Bg5 Bg7 44. Bf4 Kd7 45. Bg5 Bh8 46. Be3 Kc6 47. c4 dxc4+ 48. bxc4 Bf6 49. d5+ Kd7 50. Bf2 Ke7 51. Bg3 Bb2 52. Ke4 Bc3 53. Kf5 Bd4 54. Kg6 Bf6 55. Kxh5 Be5 56. Kxg4 1-0

[Event "Titled Tuesday intern op 27th July"]
[Site "Chess.com INT"]
[Date "2021.07.27"]
[Round "10"]
[White "Tqebuchava, Zurab"]
[Black "Torkkola, Henri"]
[Result "0-1"]
[WhiteElo "2303"]
[BlackElo "2180"]
[PlyCount "84"]
[EventDate "2021.07.27"]
[EventType "swiss (blitz)"]
[EventRounds "11"]
[EventCountry "USA"]
[SourceTitle "CBM 203 Extra"]
[Source "ChessBase"]
[SourceDate "2021.09.30"]
[SourceVersion "1"]
[SourceVersionDate "2021.09.30"]
[SourceQuality "1"]

1. e4 d5 2. exd5 Qxd5 3. Nc3 Qa5 4. Bc4 Nf6 5. Nge2 Bg4 6. h3 Bh5 7. d3 e6 8. 0-0 Be7 9. Bf4 c6 10. Qd2 0-0 11. Ng3 Bg6 12. Rfe1 Qd8 13. Rad1 Nbd7 14. Nce4 Nd5 15. Bxd5 cxd5 16. Ng5 h6 17. Nf3 b5 18. Ne5 Nxe5 19. Bxe5 a5 20. Qc3 Bb4 21. Qd4 f6 22. Qg4 fxe5 23. Qxg6 Bxe1 24. Qxe6+ Kh8 25. Rxe1 Re8 26. Qg6 Rc8 27. c3 Qf6 28. Qg4 Rf8 29. Re2 b4 30. Nh5 Qf7 31. Rc2 bxc3 32. bxc3 e4 33. dxe4 dxe4 34. Ng3 Rce8 35. Re2 Qc4 36. Rxe4 Rxe4 37. Nxe4 Qxa2 38. Nd6 Qa1+ 39. Kh2 Qxc3 40. Ne4 Qe5+ 41. Kg1 a4 42. g3 a3 0-1

[Event "Titled Tuesday intern op 20th July"]
[Site "Chess.com INT"]
[Date "2021.07.20"]
[Round "3"]
[White "Torkkola, Henri"]
[Black "Filgueiras, Nathan Felipe"]
[Result "0-1"]
[WhiteElo "2180"]
[BlackElo "2326"]
[PlyCount "86"]
[EventDate "2021.07.20"]
[EventType "swiss (blitz)"]
[EventRounds "11"]
[EventCountry "USA"]
[SourceTitle "CBM 203 Extra"]
[Source "ChessBase"]
[SourceDate "2021.09.30"]
[SourceVersion "1"]
[SourceVersionDate "2021.09.30"]
[SourceQuality "1"]

1. d4 Nf6 2. Bf4 d5 3. e3 c5 4. Nf3 Nc6 5. Nbd2 Bf5 6. dxc5 e6 7. Nd4 Bxc5 8. Nxf5 exf5 9. c3 0-0 10. Bg5 Be7 11. Bxf6 Bxf6 12. g3 Qe7 13. Nb3 Rad8 14. Nd4 Nxd4 15. cxd4 Qb4+ 16. Qd2 Qb6 17. Bd3 g6 18. 0-0 Be7 19. Rfc1 Rc8 20. a3 a5 21. Bf1 Kg7 22. Bg2 Qb5 23. h4 b6 24. h5 Qd7 25. Bf3 h6 26. Kg2 g5 27. Be2 Bd6 28. Bd3 f4 29. gxf4 gxf4 30. Rg1 Kh8 31. exf4 Rg8+ 32. Kh2 Qe7 33. Rg3 Qh4+ 34. Kg2 Bxf4 35. Rh1 Qxg3+ 36. fxg3 Bxd2 37. Kf3 Bc1 38. Bf5 Rc7 39. Rh2 Re8 40. Rf2 Re3+ 41. Kg4 Kg7 42. Bb1 Rb3 43. Ba2 Rxb2 0-1

[Event "Titled Tuesday intern op 20th July"]
[Site "Chess.com INT"]
[Date "2021.07.20"]
[Round "11"]
[White "Torkkola, Henri"]
[Black "Saravana, Krishnan P"]
[Result "0-1"]
[WhiteElo "2180"]
[BlackElo "2312"]
[PlyCount "88"]
[EventDate "2021.07.20"]
[EventType "swiss (blitz)"]
[EventRounds "11"]
[EventCountry "USA"]
[SourceTitle "CBM 203 Extra"]
[Source "ChessBase"]
[SourceDate "2021.09.30"]
[SourceVersion "1"]
[SourceVersionDate "2021.09.30"]
[SourceQuality "1"]

1. d4 Nf6 2. Bf4 g6 3. e3 Bg7 4. Nf3 0-0 5. Be2 d6 6. h3 Nbd7 7. 0-0 Qe8 8. c4 e5 9. Bh2 Ne4 10. Nbd2 Nxd2 11. Qxd2 e4 12. Ne1 f5 13. Nc2 Nf6 14. b4 g5 15. c5 d5 16. Bxc7 Qg6 17. b5 f4 18. Nb4 f3 19. gxf3 exf3 20. Bxf3 Bxh3 21. Nxd5 Nxd5 22. Bxd5+ Kh8 23. Rfc1 Qf5 24. Bxb7 Qg4+ 25. Bg3 Rae8 26. Kh2 Rf6 27. Rh1 Rh6 28. Kg1 Rf8 29. Qd1 Qd7 30. Bc6 Qf7 31. Rxh3 Rxh3 32. Qg4 Rh6 33. Kg2 Rf6 34. f3 h5 35. Rh1 Rh6 36. Qxg5 Qxa2+ 37. Bf2 Qf7 38. Be4 Rg8 39. Kf1 Qc4+ 40. Ke1 Qc1+ 41. Ke2 Qxh1 42. Qf5 Rf8 43. Qd5 h4 44. c6 Qc1 0-1

[Event "Titled Tuesday intern op 20th July"]
[Site "Chess.com INT"]
[Date "2021.07.20"]
[Round "1"]
[White "Torkkola, Henri"]
[Black "Tsaruk, Maksim"]
[Result "0-1"]
[WhiteElo "2180"]
[BlackElo "2324"]
[PlyCount "76"]
[EventDate "2021.07.20"]
[EventType "swiss (blitz)"]
[EventRounds "11"]
[EventCountry "USA"]
[SourceTitle "CBM 203 Extra"]
[Source "ChessBase"]
[SourceDate "2021.09.30"]
[SourceVersion "1"]
[SourceVersionDate "2021.09.30"]
[SourceQuality "1"]

1. d4 Nf6 2. Bf4 d5 3. e3 c5 4. Nf3 e6 5. Nbd2 Nc6 6. c3 Bd6 7. Bg3 0-0 8. Bd3 b6 9. e4 Be7 10. e5 Nh5 11. Ng5 Bxg5 12. Qxh5 g6 13. Qe2 cxd4 14. h4 Bh6 15. h5 dxc3 16. bxc3 Bg7 17. Nf3 Qe7 18. Bh4 Qc5 19. Rc1 d4 20. Bf6 dxc3 21. Qe4 Bxf6 22. exf6 Nb4 23. hxg6 fxg6 24. Bc4 Rxf6 25. Rxc3 Nd5 26. Rc2 Qb4+ 27. Kf1 Ba6 28. Ne5 Qb1+ 29. Ke2 Nc3+ 30. Kd3 Qxc2+ 31. Kxc2 Nxe4 32. Bxa6 Rxf2+ 33. Kd3 Nc5+ 34. Ke3 Rf5 35. Nc6 Nxa6 36. Ne7+ Kg7 37. Nxf5+ exf5 38. Rc1 Re8+ 0-1

[Event "Titled Tuesday intern op 13th July"]
[Site "Chess.com INT"]
[Date "2021.07.13"]
[Round "9"]
[White "Kotepalli, Sai Nirupama"]
[Black "Torkkola, Henri"]
[Result "1-0"]
[WhiteElo "1914"]
[BlackElo "2180"]
[PlyCount "77"]
[EventDate "2021.07.13"]
[EventType "swiss (blitz)"]
[EventRounds "11"]
[EventCountry "USA"]
[SourceTitle "CBM 203 Extra"]
[Source "ChessBase"]
[SourceDate "2021.09.30"]
[SourceVersion "1"]
[SourceVersionDate "2021.09.30"]
[SourceQuality "1"]

1. e4 d6 2. d3 e5 3. Nf3 c5 4. g3 Nc6 5. Bg2 g6 6. 0-0 Bg7 7. c3 Nge7 8. a3 0-0 9. b4 b5 10. Be3 cxb4 11. axb4 a5 12. bxa5 Rxa5 13. Na3 b4 14. cxb4 Nxb4 15. Bd2 Nec6 16. Qb3 Qb6 17. Nc4 Be6 18. Nxb6 Bxb3 19. Rxa5 Nxa5 20. Bxb4 Nc6 21. Ba3 Rb8 22. Nc4 Bxc4 23. dxc4 Bf8 24. Rd1 Na5 25. Bf1 Rb3 26. Rd3 Rb1 27. Nd2 Rd1 28. Bxd6 Bh6 29. Nf3 Rc1 30. c5 Nc6 31. Nxe5 Nb4 32. Rb3 Na2 33. Rb8+ Kg7 34. Bf8+ Kf6 35. Bxh6 Rd1 36. Ng4+ Ke7 37. c6 Nc3 38. c7 Ne2+ 39. Kg2 1-0

[Event "Titled Tuesday intern op 13th July"]
[Site "Chess.com INT"]
[Date "2021.07.13"]
[Round "11"]
[White "Torkkola, Henri"]
[Black "Gracia Alvarez, Gerardo Antonio"]
[Result "1-0"]
[WhiteElo "2180"]
[BlackElo "2292"]
[PlyCount "41"]
[EventDate "2021.07.13"]
[EventType "swiss (blitz)"]
[EventRounds "11"]
[EventCountry "USA"]
[SourceTitle "CBM 203 Extra"]
[Source "ChessBase"]
[SourceDate "2021.09.30"]
[SourceVersion "1"]
[SourceVersionDate "2021.09.30"]
[SourceQuality "1"]

1. d4 Nf6 2. Bf4 d5 3. e3 c5 4. Nf3 Nc6 5. Nbd2 Qb6 6. dxc5 Qxc5 7. a3 a5 8. c4 e6 9. Rc1 Qb6 10. cxd5 Nxd5 11. Nc4 Qd8 12. Nce5 Nxe5 13. Nxe5 Qb6 14. Qa4+ Ke7 15. Nc4 Qc6 16. Qd1 Nxf4 17. exf4 Qe4+ 18. Be2 Ke8 19. 0-0 Qxf4 20. Nb6 Bd6 21. g3 1-0